Recent developments in cyclised rubber and latex crepe production in Sri Lanka (Record no. 66436)

MARC details
000 -LEADER
fixed length control field 00602nam a2200193Ia 4500
100 ## - MAIN ENTRY--AUTHOR NAME
Personal name Nadarajah M
245 #0 - TITLE STATEMENT
Title Recent developments in cyclised rubber and latex crepe production in Sri Lanka
260 ## - PUBLICATION, DISTRIBUTION, ETC. (IMPRINT)
Name of publisher Proceedings of the International Rubber Conference, Kuala Lumpur. V.4, 1975; p321-334
650 ## - SUBJECT ADDED ENTRY--TOPICAL TERM
Topical Term Cyclised rubber
650 ## - SUBJECT ADDED ENTRY--TOPICAL TERM
Topical Term Latex crepe production
650 ## - SUBJECT ADDED ENTRY--TOPICAL TERM
Topical Term Sri Lanka
700 ## - ADDED ENTRY--PERSONAL NAME
Personal name Coomarasamy A
700 ## - ADDED ENTRY--PERSONAL NAME
Personal name Jayasinghe P P
700 ## - ADDED ENTRY--PERSONAL NAME
Personal name Narangoda H
700 ## - ADDED ENTRY--PERSONAL NAME
Personal name Tharmaungam R
700 ## - ADDED ENTRY--PERSONAL NAME
Personal name Varathungarajan G
942 ## - ADDED ENTRY ELEMENTS (KOHA)
Koha item type Journals
Holdings
Withdrawn status Lost status Damaged status Not for loan Home library Current library Shelving location Date acquired Koha item type
      Journals RRII Library RRII Library Rubber chemistry 17/12/2021 Journals